• 首页
  • 本馆介绍
  • 公告通知
  • 最新文献
  • 馆藏检索
  • 电子资源
  • 读者导购
  • 参考咨询
  • 我的图书馆
  • 登录
  • 详细信息显示
  • 放入我的书架
  • 预约/预借图书
  • 作者相关作品
  • 分类相关作品
  • 丛书相关作品
  • 出版社相关作品

书目信息

  • 表格格式
  • 工作单格式
  • 卡片格式
题名:
英国合同侵权法概论
    
 
作者: 林江 编著
分册:  
出版信息: 上海   上海浦江教育出版社  2014
页数: 10,401页
开本: 26cm
丛书名:
单 册:
中图分类: D956.13
科图分类:
主题词: 合同--He Tong--侵权行为--研究--英国
电子资源:
ISBN: 978-7-81121-290-7
000 00795nam0 22002411 450
001 350997
005 20161011152741.31
010    @a978-7-81121-290-7@dCNY78.00
100    @a20141128d2014 em y0chiy50 ea
101 0  @aeng@gchi@dchi
102    @aCN@b310000
105    @ay z 000yy
106    @ar
200 1  @a英国合同侵权法概论@AYing Guo He Tong Qin Quan Fa Gai Lun@dEnglish contract and tort law basics@f林江编著@zeng
210    @a上海@c上海浦江教育出版社@d2014
215    @a10,401页@d26cm
300    @a上海高校知识服务平台建设项目资助
510 1  @aEnglish contract and tort law basics@zeng
606 0  @a合同@AHe Tong@x侵权行为@x研究@y英国
690    @aD956.13@v5
701  0 @a林江@ALin Jiang@c(法学)@4编著
801  0 @aCN@bTANGWEI@c20160811
905    @b0892703-6@dD956.13@e107@f4
    
    英国合同侵权法概论=English contract and tort law basics/林江编著.-上海:上海浦江教育出版社,2014
    10,401页;26cm
    上海高校知识服务平台建设项目资助
    
    ISBN 978-7-81121-290-7:CNY78.00
    
●
相关链接 在E读中查询图书 在五车中查询图书 在当当中查询图书 在豆瓣中查询图书


正题名:英国合同侵权法概论     索取号:D956.13/107         预约/预借

序号 登录号 条形码 馆藏地/架位号 状态 备注
1 0892703   208927036   第一样本阅览室/ [索取号:D956.13/107] 在馆    
2 0892704   208927045   密集书库-史法系/ [索取号:D956.13/107] 在馆    
3 0892705   208927054   第一借阅区/ [索取号:D956.13/107] 在馆    
4 0892706   208927063   第一借阅区/ [索取号:D956.13/107] 在馆    
唐山师范学院图书馆 欢迎您!
大连网信软件有限公司© 版权所有